| 000 | 00540nam a22001817a 4500 | ||
|---|---|---|---|
| 005 | 20251108164016.0 | ||
| 008 | 250721s9999 xx 000 0 ara d | ||
| 082 | 1 | 4 | _a320.4/صال |
| 100 | 1 |
_aالدروع، قاسم محمد _eمحرر |
|
| 245 | 1 | 0 | _aخطب جلالة القائد الأعلى 1990-1991 / |
| 264 | 1 |
_aعمان : _c[19-]. |
|
| 300 | _a260ص. | ||
| 650 | 1 | 7 | _aالخطب السياسية |
| 650 | 1 | 7 | _aتاريخ الأردن |
| 700 | 1 |
_aصالح، قاسم محمد _eتحرير |
|
| 942 |
_2ddc _cBK |
||
| 999 |
_c1316 _d1316 |
||